Les clubs Français en finales des Coupes Européennes de football - Statistiques

Statistiques générales
  • Ce quiz a été pris 2 098 fois
    272 depuis la dernière actualisation
  • Le résultat moyen est 8 sur 13
Statistiques - réponses
Réponse % Correct
Bayern Munich
97%
Real Madrid
96%
Inter Milan
90%
Milan AC
89%
FC Porto
81%
Atlético de Madrid
80%
FC Barcelone
78%
Etoile Rouge Belgrade
54%
FC Valence
43%
Parme
32%
PSV Eindhoven
32%
Rapid Vienne
31%
Werder Brême
16%
Aucun quiz correspondant
Distribution des résultats
% des personnes avec chaque résultat
Percentile par nombre de réponses
Votre historique - résultats
Vous n’avez pas pris ce quiz depuis la dernière actualisation